Los monstruos sagrados, etc. (Record no. 29484)

MARC details
000 -LEADER
campo de control de longitud fija 00618nam a22002293 4500
001 - NÚMERO DE CONTROL
campo de control 103966
005 - FECHA Y HORA DE LA ÚLTIMA TRANSACCIÓN
campo de control 20230410103954.0
008 - DATOS DE LONGITUD FIJA--INFORMACIÓN GENERAL
campo de control de longitud fija 901203s1969 xx 000 0 eng d
035 ## - NÚMERO DE CONTROL DEL SISTEMA
Número de control de sistema (OCoLC)ocn504621163
040 ## - FUENTE DE CATALOGACIÓN
Centro catalogador/agencia de origen UKMGB
Centro/agencia transcriptor UKMGB
016 7# - NÚMERO DE CONTROL DE UNA AGENCIA BIBLIOGRÁFICA NACIONAL
Número de control del registro 004041577
Fuente Uk
035 ## - NÚMERO DE CONTROL DEL SISTEMA
Número de control de sistema (OCoLC)504621163
050 14 - SIGNATURA TOPOGRÁFICA DE LA BIBLIOTECA DEL CONGRESO
Número de clasificación C212 m1969
100 1# - ENTRADA PRINCIPAL--NOMBRE DE PERSONA
Nombre de persona CANAAN FERNANDEZ, Eurídice.
245 10 - MENCIÓN DEL TÍTULO
Título Los monstruos sagrados, etc.
260 ## - PUBLICACIÓN, DISTRIBUCIÓN, ETC.
Lugar de publicación, distribución, etc. Santo Domingo: Editorial Libreria Dominicana, 1969.
300 ## - DESCRIPCIÓN FÍSICA
Extensión Libro 1, 2: pp. 197. 22 cm.
500 ## - NOTA GENERAL
Nota general No more published?.
942 ## - ELEMENTOS DE ENTRADA SECUNDARIOS (KOHA)
Fuente del sistema de clasificación o colocación Clasificación de Library of Congress
Tipo de ítem Koha
946 ## - PROCESAMIENTO DE INFORMACIÓN LOCAL (OCLC)
a KK
994 ## -
-- C0
-- DRFGD
Holdings
Estatus retirado Estado de pérdida Fuente del sistema de clasificación o colocación Estado de daño No para préstamo Colección Biblioteca de origen Biblioteca actual Ubicación en estantería Fecha de adquisición Serial enumeration / chronology Signatura topográfica completa Código de barras Visto por última vez Copia número Tipo de ítem Koha
    Clasificación de Library of Congress     Recursos Regionales Biblioteca Juan Bosch Biblioteca Juan Bosch Recursos Regionales (2do. Piso) 10/04/2023 3 C212 m1969 00000081074 23/10/2018 1